Music Quiz

Random Music or Lyrics Quiz

1D Take Me Home lyrics 3 Quiz Stats

Quiz not verified by Sporcle

Challenge
Share
Tweet
Embed
Score 0/165 Timer 07:00
0 Plays Today
% Correct
I
95.7%
I
95.7%
you
93.5%
you
93.5%
you
93.5%
you
93.5%
you
93.5%
you
93.5%
you
93.5%
you
93.5%
you
93.5%
The
86.2%
the
86.2%
the
86.2%
the
86.2%
the
86.2%
me
84.7%
me
84.7%
me
84.6%
me
84.6%
me
84.6%
We
80.6%
we
80.6%
we
80.6%
we
80.6%
We
80.6%
we
80.6%
to
78.8%
to
78.8%
to
78.8%
to
78.8%
on
76.8%
on
76.8%
be
76.6%
be
76.6%
wanna
76.4%
wanna
76.4%
my
76%
my
76%
my
76%
my
76%
my
76%
my
76%
baby
75.4%
baby
75.4%
baby
75.4%
Baby
75.4%
baby
75.4%
go
75.4%
go
75.4%
go
75.4%
go
75.4%
no
74.3%
want
74.2%
want
74.2%
% Correct
want
74.2%
want
74.2%
want
74.2%
if
74%
if
74%
if
74%
if
74%
if
74%
If
74%
if
74%
don't
73.7%
don't
73.6%
say
72.5%
say
72.5%
say
72.5%
say
72.5%
say
72.5%
say
72.5%
I'll
72.3%
I'll
72.3%
I'll
72.3%
I'll
72.3%
I'll
72.3%
I'll
72.3%
But
72.1%
But
72.1%
But
72.1%
But
72.1%
Are
71.6%
are
71.6%
night
71.6%
I'm
71.6%
I'm
71.6%
I'm
71.6%
night
71.6%
I'm
71.6%
night
71.6%
of
71.5%
for
71.3%
for
71.3%
know
71.3%
know
71.3%
change
70.6%
change
70.6%
change
70.6%
change
70.6%
change
70.6%
change
70.6%
mind
70.4%
mind
70.4%
mind
70.4%
mind
70.4%
mind
70.4%
mind
70.4%
this
70.1%
% Correct
stay
69.7%
stay
69.7%
stay
69.7%
stay
69.7%
stay
69.7%
stay
69.7%
stay
69.7%
like
69.5%
end
68.4%
not
68.1%
mine
68%
mine
68%
you'll
67.2%
you'll
67.2%
you'll
67.2%
you'll
67.2%
should
66.9%
goodbye
66.9%
As
66.9%
walking
66.5%
walking
66.5%
walking
66.5%
more
66.4%
or
66.3%
Cause
66.3%
So
66.3%
Cause
66.3%
So
66.3%
Never
66%
door
65.8%
friends
65.6%
away
65%
away
65%
carry
64.6%
take
64.5%
sure
64.4%
before
64.2%
in
64.1%
when
64.1%
felt
63.8%
Won't
63.5%
won't
63.5%
Won't
63.5%
won't
63.5%
gone
62.8%
towards
62.3%
everyone's
62%
while
61.5%
dance
59.8%
photographs
57.7%
music
57.5%
laugh
57.3%
There's
56.3%
along
55.9%
Lean
52%

You're not logged in!

Compare scores with friends on all Sporcle quizzes.
Sign Up with Email
OR
Log In

You Might Also Like...

Show Comments

Extras

Top Quizzes Today


Score Distribution

Your Account Isn't Verified!

In order to create a playlist on Sporcle, you need to verify the email address you used during registration. Go to your Sporcle Settings to finish the process.